<?xml version="1.0" encoding="UTF-8"?>
<record
    xmlns:xsi="http://www.w3.org/2001/XMLSchema-instance"
    xsi:schemaLocation="http://www.loc.gov/MARC21/slim http://www.loc.gov/standards/marcxml/schema/MARC21slim.xsd"
    xmlns="http://www.loc.gov/MARC21/slim">

  <leader>01232cam a2200337 a 4500</leader>
  <controlfield tag="001">j  67001534 </controlfield>
  <controlfield tag="003">DLC</controlfield>
  <controlfield tag="005">20260227111522.0</controlfield>
  <controlfield tag="008">050726s1966    ja       d    001 0 jpn  </controlfield>
  <datafield tag="010" ind1=" " ind2=" ">
    <subfield code="a">j  67001534 </subfield>
  </datafield>
  <datafield tag="035" ind1=" " ind2=" ">
    <subfield code="a">(CStRLIN)DCLP05-B15461</subfield>
  </datafield>
  <datafield tag="040" ind1=" " ind2=" ">
    <subfield code="a">DLC</subfield>
    <subfield code="c">CarP</subfield>
    <subfield code="d">DLC</subfield>
    <subfield code="d">DLC-R</subfield>
    <subfield code="d">DLC</subfield>
  </datafield>
  <datafield tag="043" ind1=" " ind2=" ">
    <subfield code="a">a-ja---</subfield>
  </datafield>
  <datafield tag="050" ind1="0" ind2="0">
    <subfield code="a">KNX26</subfield>
    <subfield code="b">.H665 1966</subfield>
  </datafield>
  <datafield tag="066" ind1=" " ind2=" ">
    <subfield code="c">$1</subfield>
  </datafield>
  <datafield tag="245" ind1="0" ind2="0">
    <subfield code="6">880-01</subfield>
    <subfield code="a">H&#x14D;rei y&#x14D;go jiten /</subfield>
    <subfield code="c">Sat&#x14D; Tatsuo, Hayashi Sh&#x16B;z&#x14D;, Takatsuji Masami ky&#x14D;hen.</subfield>
  </datafield>
  <datafield tag="250" ind1=" " ind2=" ">
    <subfield code="6">880-02</subfield>
    <subfield code="a">Dai 4-ji zentei shinpan.</subfield>
  </datafield>
  <datafield tag="260" ind1=" " ind2=" ">
    <subfield code="6">880-03</subfield>
    <subfield code="a">T&#x14D;ky&#x14D; :</subfield>
    <subfield code="b">Gakuy&#x14D; Shob&#x14D;,</subfield>
    <subfield code="c">Sh&#x14D;wa 41 [1966]</subfield>
  </datafield>
  <datafield tag="300" ind1=" " ind2=" ">
    <subfield code="a">632 p. ;</subfield>
    <subfield code="c">22 cm.</subfield>
  </datafield>
  <datafield tag="500" ind1=" " ind2=" ">
    <subfield code="a">Includes index.</subfield>
  </datafield>
  <datafield tag="650" ind1=" " ind2="0">
    <subfield code="a">Law</subfield>
    <subfield code="z">Japan</subfield>
    <subfield code="v">Dictionaries</subfield>
    <subfield code="x">Japanese.</subfield>
  </datafield>
  <datafield tag="700" ind1="1" ind2=" ">
    <subfield code="6">880-04</subfield>
    <subfield code="a">Sat&#x14D;, Tatsuo,</subfield>
    <subfield code="d">1904-1974.</subfield>
  </datafield>
  <datafield tag="700" ind1="1" ind2=" ">
    <subfield code="6">880-05</subfield>
    <subfield code="a">Hayashi, Sh&#x16B;z&#x14D;,</subfield>
    <subfield code="d">1910-1989.</subfield>
  </datafield>
  <datafield tag="700" ind1="1" ind2=" ">
    <subfield code="6">880-06</subfield>
    <subfield code="a">Takatsuji, Masami,</subfield>
    <subfield code="d">1910-1997.</subfield>
  </datafield>
  <datafield tag="880" ind1="0" ind2="0">
    <subfield code="6">245-01/$1</subfield>
    <subfield code="a">&#x6CD5;&#x4EE4;&#x7528;&#x8A9E;&#x8F9E;&#x5178; /</subfield>
    <subfield code="c">&#x4F50;&#x85E4;&#x9039;&#x592B;, &#x6797;&#x4FEE;&#x4E09;, &#x9AD8;&#x8FBB;&#x6B63;&#x5DF2;&#x5171;&#x7DE8;.</subfield>
  </datafield>
  <datafield tag="880" ind1=" " ind2=" ">
    <subfield code="6">250-02/$1</subfield>
    <subfield code="a">&#x7B2C; 4&#x6B21;&#x5168;&#x8A02;&#x65B0;&#x7248;.</subfield>
  </datafield>
  <datafield tag="880" ind1=" " ind2=" ">
    <subfield code="6">260-03/$1</subfield>
    <subfield code="a">&#x6771;&#x4EAC; :</subfield>
    <subfield code="b">&#x5B66;&#x967D;&#x66F8;&#x623F;,</subfield>
    <subfield code="c">&#x662D;&#x548C; 41 [1966]</subfield>
  </datafield>
  <datafield tag="880" ind1="1" ind2=" ">
    <subfield code="6">700-04/$1</subfield>
    <subfield code="a">&#x4F50;&#x85E4;&#x9039;&#x592B;,</subfield>
    <subfield code="d">1904-1974.</subfield>
  </datafield>
  <datafield tag="880" ind1="1" ind2=" ">
    <subfield code="6">700-05/$1</subfield>
    <subfield code="a">&#x6797;&#x4FEE;&#x4E09;,</subfield>
    <subfield code="d">1910-1989.</subfield>
  </datafield>
  <datafield tag="880" ind1="1" ind2=" ">
    <subfield code="6">700-06/$1</subfield>
    <subfield code="a">&#x9AD8;&#x8FBB;&#x6B63;&#x5DF2;,</subfield>
    <subfield code="d">1910-1997.</subfield>
  </datafield>
  <datafield tag="999" ind1=" " ind2=" ">
    <subfield code="c">35145</subfield>
    <subfield code="d">35145</subfield>
  </datafield>
</record>
